00698nam a2200193Ia 4500008004100000020001800041040001800059041000800077245013100085260006800216300003000284504005300314611003200367650002600399650001300425700002700438700002100465700001800486130821s2011 enka gr eng  a9780199588916 aCo-BoUCMbspa00aeng04aThe law of treaties beyond the Vienna Conventioncedited by Enzo Cannizzaro ; contributers, Mahnoush H. Arsanjani ... [et al.] aOxford (Oxfordshire, Inglaterra)bOxford University Pressc2011 axxxi, 464 páginasbport aIncluye referencias bibliográficas e índice. 7aConvención de Vienay196904aDerecho internacional04aTratados1 aArsanjani, Mahnoush H.1 aCannizzaro, Enzo1 aGaja, Giorgio